Remote sensing and image intrepretation (Record no. 3534)

MARC details
000 -LEADER
fixed length control field 00736nam a2200253Ia 4500
003 - CONTROL NUMBER IDENTIFIER
control field OSt
005 - DATE AND TIME OF LATEST TRANSACTION
control field 20220107122729.0
008 - FIXED-LENGTH DATA ELEMENTS--GENERAL INFORMATION
fixed length control field 130318s9999 xx 000 0 und d
020 ## - INTERNATIONAL STANDARD BOOK NUMBER
International Standard Book Number 9788126532230
040 ## - CATALOGING SOURCE
Transcribing agency IIITM-K
082 ## - DEWEY DECIMAL CLASSIFICATION NUMBER
Classification number 621.3678 LIL/R;2
100 ## - MAIN ENTRY--PERSONAL NAME
Personal name Lillesand, Thomas M
9 (RLIN) 2950
245 ## - TITLE STATEMENT
Title Remote sensing and image intrepretation
Statement of responsibility, etc. by Thomas M Lillesand; Ralph W Keifer; Jonathan W Chipman
250 ## - EDITION STATEMENT
Edition statement 6th ed.
260 ## - PUBLICATION, DISTRIBUTION, ETC.
Name of publisher, distributor, etc. Wiley,
Place of publication, distribution, etc. New Jersey,
Date of publication, distribution, etc. 2008.
300 ## - PHYSICAL DESCRIPTION
Extent xii, 756p.
650 ## - SUBJECT ADDED ENTRY--TOPICAL TERM
Topical term or geographic name entry element GIS
9 (RLIN) 2951
650 ## - SUBJECT ADDED ENTRY--TOPICAL TERM
Topical term or geographic name entry element PHOTOGRAMMETRY
9 (RLIN) 2952
650 ## - SUBJECT ADDED ENTRY--TOPICAL TERM
Topical term or geographic name entry element REMOTE SENSING
9 (RLIN) 2953
650 ## - SUBJECT ADDED ENTRY--TOPICAL TERM
Topical term or geographic name entry element IMAGE INTERPRETATION
9 (RLIN) 2954
700 ## - ADDED ENTRY--PERSONAL NAME
Personal name Kiefer, Ralph W
9 (RLIN) 2955
700 ## - ADDED ENTRY--PERSONAL NAME
Personal name Chipman, Jonathan W
9 (RLIN) 2956
942 ## - ADDED ENTRY ELEMENTS (KOHA)
Source of classification or shelving scheme Dewey Decimal Classification
Koha item type Books
Holdings
Withdrawn status Lost status Source of classification or shelving scheme Damaged status Not for loan Collection code Home library Current library Shelving location Date acquired Cost, normal purchase price Total Checkouts Full call number Barcode Date last seen Date last checked out Price effective from Koha item type
    Dewey Decimal Classification     Remote Sensing Kerala University of Digital Sciences, Innovation and Technology Knowledge Centre Kerala University of Digital Sciences, Innovation and Technology Knowledge Centre Applied Electronics 17/02/2014 600.00 32 621.3678 LIL/R;2 3199 21/04/2026 27/10/2025 17/02/2014 Books